Marvel Characters by Picture #4 - Statistics

General Stats
  • This quiz has been taken 208 times
  • The average score is 14 of 17
Answer Stats
Picture Answer % Correct
Captain America
99%
Nick Fury
97%
Falcon
96%
Mantis
95%
Drax
94%
Professor X
91%
Rhino
88%
Nightcrawler
86%
Blade
84%
Quicksilver
84%
Rogue
77%
Vulture
76%
Marvel Girl
73%
Cloak
64%
Dagger
63%
Jessica Jones
63%
Echo
47%
No matching quizzes found
Score Distribution
Percent of People with Each Score
Percentile by Number Answered
Your Score History
You have not taken this quiz